00708nam a2200241 a 4500001001300000003000900013005001700022008004100039020001000080082001700090100002400107245003800131260003900169300000900208500003500217505001000252650003200262700002400294902000800318942000700326952011800333999001500451nice12345678IN_TiNIC20260116012733.0050524s1990 newa grp 000 0 eng  ac15000a954.023bBRI aBrijbhushan, Jamila aSultan Raziya, Her Life and Times aNew DelhibManohar Publisherc1990 a165p aincludes index and biblioraphy2 aIndex aIndia-History Raziya Sultan1 aBrijbhushan, Jamila bSRS cBK 001040708StackRoom-aHMIbHMId2007-04-03g150.00l0o954.023 BRIp014282r2007-04-03v150.00w2005-05-24yBK c8167d8167